• 首页
  • 本馆介绍
  • 公告通知
  • 最新文献
  • 馆藏检索
  • 电子资源
  • 读者导购
  • 参考咨询
  • 我的图书馆
  • 登录
  • 详细信息显示
  • 放入我的书架
  • 预约/预借图书
  • 作者相关作品
  • 分类相关作品
  • 丛书相关作品
  • 出版社相关作品

书目信息

  • 表格格式
  • 工作单格式
  • 卡片格式
题名:
劳动安全操作规程
    
 
作者: 魏光朴 主编
分册: 1  
出版信息: 汕头   汕头大学出版社  2017
页数: 136页
开本: 22cm
丛书名:
单 册:
中图分类: D922.548 , D922.54
科图分类:
主题词: 安全生产--安全法规--中国--汇编
电子资源:
ISBN: 978-7-5658-3211-6
000 00783nam0 2200253 450
001 2371237785
005 20231128211040.31
010    @a978-7-5658-3211-6@dCNY29.80
100    @a20181129d2017 em y0chiy50 ea
101 0  @achi
102    @aCN@b440000
105    @ay n 000yy
200 1  @a劳动安全操作规程@Alao dong an quan cao zuo gui cheng@h1@f魏光朴主编
210    @a汕头@c汕头大学出版社@d2017
215    @a136页@d22cm
300    @a全国“七五”普法学习读本
300    @a劳动保障法律法规学习读本
330    @a本书收录《主要岗位安全操作规程》《主要机械安全操作规程》。
606 0  @a安全生产@x安全法规@y中国@j汇编
690    @aD922.548@v5
690    @aD922.54@v4
701  0 @a魏光朴@Awei guang pu@4主编
801  0 @aCN@b91MARC@c20181129
905    @aZUCC@dD922.54@e13:1
    
    劳动安全操作规程.1/魏光朴主编.-汕头:汕头大学出版社,2017
    136页;22cm
    全国“七五”普法学习读本.-劳动保障法律法规学习读本
    
    ISBN 978-7-5658-3211-6:CNY29.80
    本书收录《主要岗位安全操作规程》《主要机械安全操作规程》。
●
相关链接 在五车中查询图书 在当当中查询图书 在豆瓣中查询图书


正题名:劳动安全操作规程     索取号:D922.54/13:1         预约/预借

序号 登录号 条形码 馆藏地/架位号 状态 备注
1 2001014197   2001014197   辽宁一、悦读混合/辽宁北配(第三批)/辽批22/ [索取号:D922.54/13:1] 在馆    
2 2001014198   2001014198   辽宁一、悦读混合/辽宁北配(第三批)/辽批22/ [索取号:D922.54/13:1] 在馆    
3 2001014199   2001014199   辽宁一、悦读混合/辽宁北配(第三批)/辽批22/ [索取号:D922.54/13:1] 在馆    
4 2001014200   2001014200   辽宁一、悦读混合/辽宁北配(第三批)/辽批22/ [索取号:D922.54/13:1] 在馆    
5 2001014201   2001014201   辽宁一、悦读混合/辽宁北配(第三批)/辽批22/ [索取号:D922.54/13:1] 在馆    
6 2001014202   2001014202   辽宁一、悦读混合/辽宁北配(第三批)/辽批22/ [索取号:D922.54/13:1] 在馆    
山东省滨州职业学院图书馆 欢迎您!
大连网信软件有限公司© 版权所有